[Event "NimzoIndian thematic"]
[Site "SchemingMind.com"]
[Date "2011.11.09"]
[Round "-"]
[White "Aadsje"]
[Black "otsenrechess"]
[Result "1/2-1/2"]
[WhiteCountry "NED"]
[BlackCountry "HUN"]
[WhiteElo "2259"]
[WhiteRD "54"]
[BlackElo "2136"]
[BlackRD "52"]
[GameID "296684"]

1. d4 Nf6 2. c4 e6 3. Nc3 Bb4 4. Nf3 c5 5. g3 cxd4 6. Nxd4 O-O 7. Bg2 d5 8. cxd5 Nxd5 9. Qb3 Nc6 10. Nxc6 bxc6
11. O-O Qa5 12. Bd2 Bxc3 13. Bxc3 Nxc3 14. Qxc3 Qxc3 15. bxc3=
1/2-1/2

[Event "NimzoIndian thematic"]
[Site "SchemingMind.com"]
[Date "2011.11.09"]
[Round "-"]
[White "otsenrechess"]
[Black "Aadsje"]
[Result "0-1"]
[WhiteCountry "HUN"]
[BlackCountry "NED"]
[WhiteElo "1823"]
[WhiteRD "45"]
[BlackElo "2293"]
[BlackRD "55"]
[GameID "296685"]

1. d4 Nf6 2. c4 e6 3. Nc3 Bb4 4. Qc2 O-O 5. a3 Bxc3+ 6. Qxc3 Ne4 7. Qc2 f5 8. Nh3 d6 9. f3 Nf6 10. e3 e5
11. dxe5 dxe5 12. Nf2 e4 13. fxe4 Nxe4 14. Nxe4 fxe4 15. Qxe4 Qf6
0-1

[Event "NimzoIndian thematic"]
[Site "SchemingMind.com"]
[Date "2011.11.10"]
[Round "-"]
[White "Danzino"]
[Black "Aadsje"]
[Result "0-1"]
[WhiteCountry "GBR"]
[BlackCountry "NED"]
[WhiteElo "2040"]
[WhiteRD "99"]
[BlackElo "2344"]
[BlackRD "54"]
[GameID "296694"]

1. d4 Nf6 2. c4 e6 3. Nc3 Bb4 4. Qc2 O-O 5. a3 Bxc3+ 6. Qxc3 Ne4 7. Qc2 f5 8. Nh3 d6 9. f3 Nf6 10. e3 e5
11. Be2 exd4 12. exd4 Nc6 13. Qc3 Re8 14. Kf2 h6 15. Re1 Nh5 16. b4 Qh4+ 17. Kg1 Qxd4+ 18. Qxd4 Nxd4 19. Kf2 Nc2 20. Bd2 g5
21. Rec1 Nxa1 22. Rxa1 f4 23. Ng1 Bf5 24. Bc3 Re6 25. g4 fxg3+ 26. hxg3 Nf6 27. Rd1 g4 28. Bxf6 Rxf6 29. f4 a5
0-1

[Event "NimzoIndian thematic"]
[Site "SchemingMind.com"]
[Date "2011.11.11"]
[Round "-"]
[White "Danzino"]
[Black "otsenrechess"]
[Result "1-0"]
[WhiteCountry "GBR"]
[BlackCountry "HUN"]
[WhiteElo "2036"]
[WhiteRD "104"]
[BlackElo "1823"]
[BlackRD "45"]
[GameID "296695"]

1. d4 Nf6 2. c4 e6 3. Nc3 Bb4 4. Qc2 d5 5. a3 Bxc3+ 6. Qxc3 Ne4 7. Qc2 c5 8. dxc5 Nc6 9. cxd5 exd5 10. Nf3 Qa5+
11. Bd2
1-0

[Event "NimzoIndian thematic"]
[Site "SchemingMind.com"]
[Date "2011.11.10"]
[Round "-"]
[White "Aadsje"]
[Black "Danzino"]
[Result "1-0"]
[WhiteCountry "NED"]
[BlackCountry "GBR"]
[WhiteElo "2293"]
[WhiteRD "55"]
[BlackElo "2036"]
[BlackRD "104"]
[GameID "296696"]

1. d4 Nf6 2. c4 e6 3. Nc3 Bb4 4. Qc2 Nc6 5. Nf3 d6 6. Bd2 O-O 7. a3 Bxc3 8. Bxc3 Qe7 9. g3 e5 10. d5 Nb8
11. Bg2 a5 12. O-O c6 13. dxc6 bxc6 14. Rad1 Be6 15. c5 dxc5 16. Nxe5 Qb7 17. Rd2 Bd5 18. e4 Be6 19. Nd3 Nbd7 20. Bxf6 gxf6
21. Nf4 Rab8 22. Qc3 Ne5 23. Nxe6 fxe6 24. f4 Ng6 25. Bh3 e5 26. Be6+ Kg7 27. Rd7+
1-0

[Event "NimzoIndian thematic"]
[Site "SchemingMind.com"]
[Date "2011.11.20"]
[Round "-"]
[White "DimonM"]
[Black "Danzino"]
[Result "0-1"]
[WhiteCountry "INT"]
[BlackCountry "GBR"]
[WhiteElo "1166"]
[WhiteRD "143"]
[BlackElo "2036"]
[BlackRD "104"]
[GameID "297309"]

1. d4 Nf6 2. c4 e6 3. Nc3 Bb4 4. Qc2 Nc6 5. e3 O-O 6. Nf3 d6 7. Bd3 e5 8. dxe5 dxe5 9. O-O h6 10. Re1 Bg4
0-1

[Event "NimzoIndian thematic"]
[Site "SchemingMind.com"]
[Date "2011.11.19"]
[Round "-"]
[White "DimonM"]
[Black "Aadsje"]
[Result "0-1"]
[WhiteCountry "INT"]
[BlackCountry "NED"]
[WhiteElo "1163"]
[WhiteRD "145"]
[BlackElo "2344"]
[BlackRD "54"]
[GameID "297310"]

1. d4 Nf6 2. c4 e6 3. Nc3 Bb4 4. Qc2 O-O 5. e3 b6 6. Nf3 Bb7 7. Bd3 c5 8. dxc5 Bxc3+ 9. Qxc3 bxc5 10. O-O Bxf3
11. gxf3 Nc6 12. Re1 Qe7 13. Bd2 d5 14. cxd5 Nxd5 15. Qc1 Ne5 16. Be4 f5 17. Bxd5 exd5 18. Qd1 Qb7 19. Qb3 Qxb3 20. axb3 Nxf3+
21. Kf1 Nxd2+ 22. Ke2 Nxb3 23. Rab1 f4 24. exf4 Rxf4 25. f3 Raf8 26. Rf1 Nd4+ 27. Ke3 Rxf3+
0-1

[Event "NimzoIndian thematic"]
[Site "SchemingMind.com"]
[Date "2011.11.19"]
[Round "-"]
[White "Aadsje"]
[Black "DimonM"]
[Result "1-0"]
[WhiteCountry "NED"]
[BlackCountry "INT"]
[WhiteElo "2293"]
[WhiteRD "55"]
[BlackElo "1166"]
[BlackRD "143"]
[GameID "297313"]

1. d4 Nf6 2. c4 e6 3. Nc3 Bb4 4. Nf3 Bxc3+ 5. bxc3 O-O 6. Qc2 Nc6 7. e4 Re8 8. e5 Nh5 9. g4 Nf6 10. exf6 Qxf6
11. Bg2 a6 12. O-O d6 13. Rb1 h6 14. g5 hxg5 15. Nxg5 Qg6 16. Qxg6 fxg6 17. Re1 Re7 18. f4 d5 19. Ba3 dxc4 20. Bxc6 bxc6
21. Bxe7 Bd7 22. Rb7 Rc8 23. Bc5 Kh8 24. Kf2 Kg8 25. Nxe6
1-0

[Event "NimzoIndian thematic"]
[Site "SchemingMind.com"]
[Date "2011.11.23"]
[Round "-"]
[White "Goncharov"]
[Black "Danzino"]
[Result "1/2-1/2"]
[WhiteCountry "UKR"]
[BlackCountry "GBR"]
[WhiteElo "2214"]
[WhiteRD "104"]
[BlackElo "2040"]
[BlackRD "99"]
[GameID "297518"]

1. d4 Nf6 2. c4 e6 3. Nc3 Bb4 4. Bg5 h6 5. Bh4 c5 6. d5 Bxc3+ 7. bxc3 d6 8. e3 e5 9. f3 Bf5 10. e4 Bc8
11. Bd3 Nbd7 12. Ne2 Qe7 13. O-O g5 14. Bf2 Nf8 15. Be3 Ng6 16. Qa4+ Qd7 17. Qb5 a5 18. Bc2 Qxb5 19. cxb5 b6 20. g3 Bd7
21. c4 Nh5 22. Rae1 O-O-O 23. Nc3 Rdf8 24. Kg2 Rhg8 25. Bc1=
1/2-1/2

[Event "NimzoIndian thematic"]
[Site "SchemingMind.com"]
[Date "2011.11.23"]
[Round "-"]
[White "Goncharov"]
[Black "Aadsje"]
[Result "1-0"]
[WhiteCountry "UKR"]
[BlackCountry "NED"]
[WhiteElo "2098"]
[WhiteRD "126"]
[BlackElo "2259"]
[BlackRD "54"]
[GameID "297519"]

1. d4 Nf6 2. c4 e6 3. Nc3 Bb4 4. Qc2 O-O 5. a3 Bxc3+ 6. Qxc3 b6 7. Bg5 h6 8. Bh4 Ba6 9. e3 d6 10. Bd3 Nbd7
11. b4 Bb7 12. f3 e5 13. Ne2 e4 14. fxe4 g5 15. Bg3 Nxe4 16. Qc2 Qe7 17. O-O a5 18. d5 Rfe8 19. Rae1 axb4 20. axb4 Ra3
21. Nd4 Nxg3 22. hxg3 Ne5 23. Bh7+ Kh8 24. Qc1 Rea8 25. Bb1 Qf8 26. Rf6 Qg7 27. Ref1 Kg8 28. Nb5 Rb3 29. Nxc7 Rc8 30. Nb5 Rxc4
31. Bc2 Rbxb4 32. Nxd6 Bxd5 33. Nxc4 Nxc4 34. Bd3 Ra4 35. Qd1 Nxe3 36. Qxa4 Nxf1 37. Qe8+ Qf8 38. Qxf8+ Kxf8 39. Kxf1 Kg7 40. Rxb6 Be6
41. Rxe6 fxe6 42. g4 Kf6 43. Kf2 Ke5 44. Ke3 Kd5 45. Bb1
1-0

[Event "NimzoIndian thematic"]
[Site "SchemingMind.com"]
[Date "2011.11.23"]
[Round "-"]
[White "Goncharov"]
[Black "DimonM"]
[Result "1-0"]
[WhiteCountry "UKR"]
[BlackCountry "INT"]
[WhiteElo "2200"]
[WhiteRD "106"]
[BlackElo "1166"]
[BlackRD "143"]
[GameID "297521"]

1. d4 Nf6 2. c4 e6 3. Nc3 Bb4 4. g3 Bxc3+ 5. bxc3 O-O 6. Bg2 Re8 7. Nf3 d6 8. O-O Nc6 9. Rb1 h6 10. Ba3 Bd7
11. c5 dxc5 12. Bxc5 b6 13. Ba3 a6 14. Qd3 a5 15. Ne5
1-0

[Event "NimzoIndian thematic"]
[Site "SchemingMind.com"]
[Date "2011.11.23"]
[Round "-"]
[White "Danzino"]
[Black "Goncharov"]
[Result "0-1"]
[WhiteCountry "GBR"]
[BlackCountry "UKR"]
[WhiteElo "2018"]
[WhiteRD "100"]
[BlackElo "2240"]
[BlackRD "107"]
[GameID "297522"]

1. d4 Nf6 2. c4 e6 3. Nc3 Bb4 4. Qc2 d5 5. a3 Bxc3+ 6. Qxc3 b6 7. cxd5 Nxd5 8. Qc2 Ba6 9. Nf3 O-O 10. g3 Nd7
11. Bg2 Rc8 12. O-O c5 13. Qd2 cxd4 14. Nxd4 Nc5 15. b4 Na4 16. b5 Ndc3 17. Kh1 Nxb5 18. Nc6 Qf6 19. Qb4 Qxa1 20. Qxa4 Rxc6
21. Bxc6 Nd4 22. Qxa6 Nxc6 23. Kg2 Qd4 24. Be3 Qd5+ 25. f3 Qd7 26. Rc1 Ne7 27. a4 Rc8 28. Rxc8+ Nxc8 29. h4 h6 30. a5 h5
31. axb6 axb6 32. Qc4 b5 33. Qc5 Nd6 34. Bd2 Nc4 35. Bb4 e5 36. Bc3 f6 37. Kf2 Qh3 38. Be1 Qh2+ 39. Kf1 Qh1+ 40. Kf2 Kh7
41. e4 Qh2+ 42. Kf1 Qc2 43. Qf2 Qc1
0-1

[Event "NimzoIndian thematic"]
[Site "SchemingMind.com"]
[Date "2011.11.24"]
[Round "-"]
[White "Aadsje"]
[Black "Goncharov"]
[Result "1/2-1/2"]
[WhiteCountry "NED"]
[BlackCountry "UKR"]
[WhiteElo "2259"]
[WhiteRD "54"]
[BlackElo "2098"]
[BlackRD "126"]
[GameID "297523"]

1. d4 Nf6 2. c4 e6 3. Nc3 Bb4 4. e3 c5 5. Ne2 b6 6. a3 Ba5 7. g3 Bb7 8. d5 b5 9. Bg2 bxc4 10. O-O O-O
11. e4 d6 12. h3 Re8 13. dxe6 Rxe6 14. Nf4 Re8 15. Nfd5 Nxd5 16. Nxd5 Nd7 17. Bf4 Ne5 18. Bxe5 Rxe5 19. Qc2 Bxd5 20. exd5 Rb8
21. Rab1 Qf6 22. Qxc4 Rbe8 23. Rbc1 h5 24. h4 Qf5 25. Qa6 Bb6 26. a4 Qc8 27. Qxc8 Rxc8 28. Rfe1 Rce8 29. Rxe5 Rxe5 30. Bf3 g6
31. Kg2 Kg7 32. Rc2 f5 33. Kf1 Kf6 34. b3 Bd8 35. Rd2 f4 36. gxf4 Rf5 37. Re2 Rxf4 38. Re6+ Kf7 39. Kg2 Be7 40. Be4 Bf6
41. f3 Be5 42. Bxg6+ Kg7 43. Bxh5 Rxh4 44. Re7+ Kf6 45. Rf7+ Kg5 46. Bg4 Rh2+=
1/2-1/2

[Event "NimzoIndian thematic"]
[Site "SchemingMind.com"]
[Date "2011.11.23"]
[Round "-"]
[White "DimonM"]
[Black "Goncharov"]
[Result "0-1"]
[WhiteCountry "INT"]
[BlackCountry "UKR"]
[WhiteElo "1166"]
[WhiteRD "143"]
[BlackElo "2200"]
[BlackRD "106"]
[GameID "297525"]

1. d4 Nf6 2. c4 e6 3. Nc3 Bb4 4. Qc2 b6 5. e3 c5 6. Nf3 Bb7 7. Be2 O-O 8. O-O Bxc3 9. bxc3 Qc7 10. dxc5 bxc5
11. Bd3 Bxf3 12. gxf3 Nc6 13. Bd2 Ne5 14. Be4 d5 15. cxd5 exd5
0-1

[Event "NimzoIndian thematic"]
[Site "SchemingMind.com"]
[Date "2011.11.25"]
[Round "-"]
[White "eun77"]
[Black "Danzino"]
[Result "0-1"]
[WhiteCountry "ISR"]
[BlackCountry "GBR"]
[WhiteElo "1263"]
[WhiteRD "69"]
[BlackElo "2040"]
[BlackRD "99"]
[GameID "297626"]

1. d4 Nf6 2. c4 e6 3. Nc3 Bb4 4. Bd2 O-O 5. a3 Bxc3 6. Bxc3 Ne4 7. Nf3 Nxc3 8. bxc3 d6 9. g3 Nc6 10. Bg2 e5
11. d5 Na5 12. Nd2 b6 13. O-O Qd7 14. e4 Ba6 15. Re1 Nxc4 16. Nxc4 Bxc4
0-1

[Event "NimzoIndian thematic"]
[Site "SchemingMind.com"]
[Date "2011.11.25"]
[Round "-"]
[White "eun77"]
[Black "Aadsje"]
[Result "0-1"]
[WhiteCountry "ISR"]
[BlackCountry "NED"]
[WhiteElo "1329"]
[WhiteRD "80"]
[BlackElo "2259"]
[BlackRD "54"]
[GameID "297627"]

1. d4 Nf6 2. c4 e6 3. Nc3 Bb4 4. Bd2 O-O 5. a3 Bxc3 6. Bxc3 Ne4 7. g3 Nxc3 8. bxc3 Nc6 9. c5 b6 10. Bg2 bxc5
11. dxc5 Qe7 12. Bxc6 dxc6 13. Nf3 Rd8 14. Qc2 Qxc5 15. O-O Ba6 16. a4 Qc4 17. Rfd1 Rxd1+ 18. Rxd1 Qxe2 19. Nd4 Qc4 20. Re1 Rd8
21. h4 Rxd4 22. Qb2 Rd8 23. Qc2 Qd5 24. Kh2 c5 25. Kg1 Bb7 26. c4 Qg2#
0-1

[Event "NimzoIndian thematic"]
[Site "SchemingMind.com"]
[Date "2011.11.25"]
[Round "-"]
[White "eun77"]
[Black "Goncharov"]
[Result "0-1"]
[WhiteCountry "ISR"]
[BlackCountry "UKR"]
[WhiteElo "1263"]
[WhiteRD "69"]
[BlackElo "2214"]
[BlackRD "104"]
[GameID "297629"]

1. d4 Nf6 2. c4 e6 3. Nc3 Bb4 4. Bd2 O-O 5. a3 Bxc3 6. Bxc3 Ne4 7. Nf3 Nxc3 8. bxc3 b6 9. e3 Bb7 10. Be2 f5
11. O-O Nc6 12. h3 Na5 13. Rb1 Qe7 14. Nh2 Qxa3 15. Qc1 Qxc1 16. Rbxc1 Ba6 17. Rfe1 Bxc4 18. Bxc4 Nxc4 19. Nf3 a5 20. Ne5 Nxe5
21. dxe5 Kf7 22. Ra1 Ke7
0-1

[Event "NimzoIndian thematic"]
[Site "SchemingMind.com"]
[Date "2011.11.27"]
[Round "-"]
[White "eun77"]
[Black "DimonM"]
[Result "1-0"]
[WhiteCountry "ISR"]
[BlackCountry "INT"]
[WhiteElo "1313"]
[WhiteRD "70"]
[BlackElo "1166"]
[BlackRD "143"]
[GameID "297630"]

1. d4 Nf6 2. c4 e6 3. Nc3 Bb4 4. Bd2 Bxc3 5. Bxc3 O-O 6. Nf3 Re8 7. e3 d6 8. h3 Nc6 9. Be2 a6 10. O-O h6
11. Nh2 Bd7 12. Bf3
1-0

[Event "NimzoIndian thematic"]
[Site "SchemingMind.com"]
[Date "2011.11.27"]
[Round "-"]
[White "Danzino"]
[Black "eun77"]
[Result "1-0"]
[WhiteCountry "GBR"]
[BlackCountry "ISR"]
[WhiteElo "2040"]
[WhiteRD "99"]
[BlackElo "1263"]
[BlackRD "69"]
[GameID "297631"]

1. d4 Nf6 2. c4 e6 3. Nc3 Bb4 4. Qc2 h6 5. e4 O-O 6. Bd3 Bxc3+ 7. Qxc3 b6 8. Nf3 Bb7 9. Qc2 d6 10. O-O Nbd7
11. b3 Re8 12. Re1 Nf8 13. Bb2 d5 14. cxd5 exd5 15. e5 Ne4 16. Bxe4
1-0

[Event "NimzoIndian thematic"]
[Site "SchemingMind.com"]
[Date "2011.11.27"]
[Round "-"]
[White "Aadsje"]
[Black "eun77"]
[Result "1-0"]
[WhiteCountry "NED"]
[BlackCountry "ISR"]
[WhiteElo "2344"]
[WhiteRD "54"]
[BlackElo "1263"]
[BlackRD "69"]
[GameID "297632"]

1. d4 Nf6 2. c4 e6 3. Nc3 Bb4 4. Nf3 O-O 5. Bg5 h6 6. Bh4 d6 7. e3 Nbd7 8. Be2 Qe8 9. O-O Nh7 10. Nb5 Ba5
11. b4 a6 12. Nxd6 cxd6 13. bxa5 Ndf6 14. Qb1 Kh8 15. Qb4 Qd7 16. Bd3 Kg8 17. Rac1 Re8 18. Bg3 d5 19. cxd5 Nxd5 20. Qa3 Qe7
21. Bd6 Qd7 22. Ne5 Qd8 23. Nxf7 Kxf7 24. Bxh7 Nf6 25. Rc7+ Bd7 26. Qd3 Nxh7 27. Qxh7 Rg8 28. d5 Rc8 29. dxe6+ Kf6 30. Rxd7 Qxa5
31. Qe4 Qf5 32. Rf7+
1-0

[Event "NimzoIndian thematic"]
[Site "SchemingMind.com"]
[Date "2011.11.27"]
[Round "-"]
[White "Goncharov"]
[Black "eun77"]
[Result "1-0"]
[WhiteCountry "UKR"]
[BlackCountry "ISR"]
[WhiteElo "2214"]
[WhiteRD "104"]
[BlackElo "1263"]
[BlackRD "69"]
[GameID "297634"]

1. d4 Nf6 2. c4 e6 3. Nc3 Bb4 4. Bg5 h6 5. Bh4 O-O 6. e3 g5 7. Bg3 Bxc3+ 8. bxc3 d6 9. h4 Nh7 10. hxg5 Qxg5
11. Bf4 Qe7 12. Bxh6 f5 13. Bxf8 Qxf8 14. g4 Qg7 15. Bd3 b6 16. gxf5 exf5 17. Nh3 Be6 18. Qf3 Kf8 19. Qxa8 Kf7 20. Qxb8 Nf6
21. Qxc7+ Kg8 22. Qxg7+ Kxg7 23. Nf4
1-0

[Event "NimzoIndian thematic"]
[Site "SchemingMind.com"]
[Date "2011.11.28"]
[Round "-"]
[White "DimonM"]
[Black "eun77"]
[Result "0-1"]
[WhiteCountry "INT"]
[BlackCountry "ISR"]
[WhiteElo "1166"]
[WhiteRD "143"]
[BlackElo "1313"]
[BlackRD "70"]
[GameID "297635"]

1. d4 Nf6 2. c4 e6 3. Nc3 Bb4 4. Qc2 h6 5. e3 O-O 6. Nf3 Bxc3+ 7. Qxc3 Nc6 8. Bd3 Ne7 9. O-O Ng6 10. Bxg6 fxg6
11. Ne5 Qe8
0-1

[Event "NimzoIndian thematic"]
[Site "SchemingMind.com"]
[Date "2011.11.28"]
[Round "-"]
[White "essam100"]
[Black "Danzino"]
[Result "0-1"]
[WhiteCountry "EGY"]
[BlackCountry "GBR"]
[WhiteElo "1508"]
[WhiteRD "117"]
[BlackElo "2040"]
[BlackRD "99"]
[GameID "297700"]

1. d4 Nf6 2. c4 e6 3. Nc3 Bb4 4. Qc2 Nc6 5. Nf3 d6 6. Bg5 h6 7. Bxf6 Qxf6 8. e3 O-O 9. Bd3 e5 10. d5 Ne7
11. O-O-O Bg4
0-1

[Event "NimzoIndian thematic"]
[Site "SchemingMind.com"]
[Date "2011.11.26"]
[Round "-"]
[White "essam100"]
[Black "Aadsje"]
[Result "0-1"]
[WhiteCountry "EGY"]
[BlackCountry "NED"]
[WhiteElo "1801"]
[WhiteRD "162"]
[BlackElo "2226"]
[BlackRD "53"]
[GameID "297701"]

1. d4 Nf6 2. c4 e6 3. Nc3 Bb4 4. Qc2 d5 5. Bg5 dxc4 6. Nf3 b5 7. e4 h6 8. Bd2 Bxc3 9. Bxc3 Bb7 10. Nd2 a5
11. a3 O-O 12. Be2 b4 13. axb4 axb4 14. Rxa8 bxc3 15. Ra7 cxd2+ 16. Qxd2 Nxe4 17. Qe3 Nd6 18. O-O Nc6 19. Ra4 Nf5 20. Qc1 Ncxd4
21. Bxc4 Nh4 22. Ra3 Bxg2 23. Rd1 Qf6 24. f4 Bf3 25. Re1 Qg6+ 26. Kf2 Qg2+ 27. Ke3 Rd8
0-1

[Event "NimzoIndian thematic"]
[Site "SchemingMind.com"]
[Date "2011.11.27"]
[Round "-"]
[White "essam100"]
[Black "eun77"]
[Result "0-1"]
[WhiteCountry "EGY"]
[BlackCountry "ISR"]
[WhiteElo "1605"]
[WhiteRD "147"]
[BlackElo "1313"]
[BlackRD "70"]
[GameID "297703"]

1. d4 Nf6 2. c4 e6 3. Nc3 Bb4 4. Qc2 h6 5. Nf3 Bxc3+ 6. Qxc3 O-O 7. Qc2 a5 8. e4 Nh7 9. Bd3 f5 10. exf5 exf5
11. Bxf5 Nf6
0-1

[Event "NimzoIndian thematic"]
[Site "SchemingMind.com"]
[Date "2011.11.28"]
[Round "-"]
[White "essam100"]
[Black "Goncharov"]
[Result "0-1"]
[WhiteCountry "EGY"]
[BlackCountry "UKR"]
[WhiteElo "1508"]
[WhiteRD "117"]
[BlackElo "2214"]
[BlackRD "104"]
[GameID "297704"]

1. d4 Nf6 2. c4 e6 3. Nc3 Bb4 4. Qc2 O-O 5. Bg5 c5 6. Nf3 cxd4 7. Nxd4 h6 8. Bh4 Nc6 9. e3 Nxd4 10. exd4 b6
11. Be2 Bb7 12. O-O Rc8 13. Rad1 d5 14. Qa4 a5 15. Bxf6 Qxf6 16. Qd7 Bc6 17. Qa7 Qd8 18. c5 bxc5 19. dxc5 d4 20. Bb5 Bxg2
21. Kxg2 Bxc5 22. Qa6 Qg5+ 23. Kh1 dxc3 24. bxc3 Qh4 25. Bd7 Rc7 26. Qxa5 Qf4 27. Ba4 Bd6 28. Qh5 Rxc3
0-1

[Event "NimzoIndian thematic"]
[Site "SchemingMind.com"]
[Date "2011.11.27"]
[Round "-"]
[White "essam100"]
[Black "DimonM"]
[Result "1-0"]
[WhiteCountry "EGY"]
[BlackCountry "INT"]
[WhiteElo "1605"]
[WhiteRD "147"]
[BlackElo "1166"]
[BlackRD "143"]
[GameID "297705"]

1. d4 Nf6 2. c4 e6 3. Nc3 Bb4 4. Qc2 Bxc3+ 5. Qxc3 O-O 6. Bg5 Re8 7. Nf3 d6 8. e3 Nc6 9. Bd3 a6 10. Rd1 h6
11. Bh4 g5 12. Nxg5
1-0

[Event "NimzoIndian thematic"]
[Site "SchemingMind.com"]
[Date "2011.11.30"]
[Round "-"]
[White "Danzino"]
[Black "essam100"]
[Result "1-0"]
[WhiteCountry "GBR"]
[BlackCountry "EGY"]
[WhiteElo "2040"]
[WhiteRD "99"]
[BlackElo "1508"]
[BlackRD "117"]
[GameID "297706"]

1. d4 Nf6 2. c4 e6 3. Nc3 Bb4 4. Qc2 c5 5. dxc5 Na6 6. a3 Bxc3+ 7. Qxc3 Nxc5 8. f3 h6 9. e4 d6 10. b4 Ncd7
11. Bf4 Qc7 12. Rd1
1-0

[Event "NimzoIndian thematic"]
[Site "SchemingMind.com"]
[Date "2011.11.26"]
[Round "-"]
[White "Aadsje"]
[Black "essam100"]
[Result "1-0"]
[WhiteCountry "NED"]
[BlackCountry "EGY"]
[WhiteElo "2259"]
[WhiteRD "54"]
[BlackElo "1800"]
[BlackRD "157"]
[GameID "297707"]

1. d4 Nf6 2. c4 e6 3. Nc3 Bb4 4. e3 c5 5. Bd3 Nc6 6. Nf3 O-O 7. O-O d5 8. a3 Bxc3 9. bxc3 Qe7 10. Rb1 b6
11. cxd5 exd5 12. dxc5 bxc5 13. h3 Ne4 14. Qa4 Bb7 15. Rb2 Rab8 16. c4 dxc4 17. Qxc4 Nf6 18. Bd2 Rfd8 19. Rfb1 Ba8 20. Bc3 Nd5
21. Rxb8 Nxb8 22. Ba1 Nd7 23. Rd1 N7b6 24. Qc2 h6 25. Bh7+ Kh8 26. Ne5 Nd7 27. Nxd7 Rxd7 28. Bf5 Rc7 29. e4 Nf6 30. Qd2 Bc6
31. Bxf6
1-0

[Event "NimzoIndian thematic"]
[Site "SchemingMind.com"]
[Date "2011.11.30"]
[Round "-"]
[White "eun77"]
[Black "essam100"]
[Result "1-0"]
[WhiteCountry "ISR"]
[BlackCountry "EGY"]
[WhiteElo "1313"]
[WhiteRD "70"]
[BlackElo "1605"]
[BlackRD "147"]
[GameID "297709"]

1. d4 Nf6 2. c4 e6 3. Nc3 Bb4 4. a3 Bxc3+ 5. bxc3 c5 6. e3 Ne4 7. Qc2 Qa5 8. Bb2 f5 9. Bd3 Nf6 10. Nf3 cxd4
11. O-O
1-0

[Event "NimzoIndian thematic"]
[Site "SchemingMind.com"]
[Date "2011.11.30"]
[Round "-"]
[White "Goncharov"]
[Black "essam100"]
[Result "1-0"]
[WhiteCountry "UKR"]
[BlackCountry "EGY"]
[WhiteElo "2214"]
[WhiteRD "104"]
[BlackElo "1508"]
[BlackRD "117"]
[GameID "297710"]

1. d4 Nf6 2. c4 e6 3. Nc3 Bb4 4. Bg5 c5 5. d5 Bxc3+ 6. bxc3 d6 7. e3 e5 8. Bd3 Qa5 9. Ne2 Nbd7 10. f3 O-O
11. e4 h6 12. Bd2 Qd8 13. O-O a6 14. a4 b6 15. a5 Rb8 16. Qa4 Qc7 17. Ng3 Rd8 18. Qc6 Ne8 19. Qxc7 Nxc7 20. Nf5 Nf6
21. Ne7+ Kf8 22. Nc6 Bd7 23. Nxd8 Rxd8 24. axb6 Nce8 25. Rxa6 Rb8 26. Rfa1 Ke7 27. g3
1-0

[Event "NimzoIndian thematic"]
[Site "SchemingMind.com"]
[Date "2011.11.30"]
[Round "-"]
[White "DimonM"]
[Black "essam100"]
[Result "0-1"]
[WhiteCountry "INT"]
[BlackCountry "EGY"]
[WhiteElo "1166"]
[WhiteRD "143"]
[BlackElo "1605"]
[BlackRD "147"]
[GameID "297711"]

1. d4 Nf6 2. c4 e6 3. Nc3 Bb4 4. Qc2 c5 5. e3 Nc6 6. Nf3 O-O 7. Bd3 d5 8. cxd5 exd5 9. dxc5 Bxc5 10. O-O Nb4
11. Qb1 Nxd3
0-1

[Event "NimzoIndian thematic"]
[Site "SchemingMind.com"]
[Date "2011.11.28"]
[Round "-"]
[White "vickyngo"]
[Black "Danzino"]
[Result "1-0"]
[WhiteCountry "VEN"]
[BlackCountry "GBR"]
[WhiteElo "2472"]
[WhiteRD "83"]
[BlackElo "2053"]
[BlackRD "102"]
[GameID "297840"]

1. d4 Nf6 2. c4 e6 3. Nc3 Bb4 4. Nf3 c5 5. g3 Ne4 6. Qd3 cxd4 7. Nxd4 Qa5 8. Nb3 Nxc3 9. Bd2 Ne4 10. Qxe4 Bxd2+
11. Nxd2 O-O 12. Bg2 Nc6 13. Qd3 d5 14. cxd5 exd5 15. Qxd5 Qb4 16. Qb3 Be6 17. Qxb4 Nxb4 18. O-O Nxa2 19. Nf3 Nb4 20. Nd4 Bd5
21. e4 Bc6 22. Nxc6 Nxc6 23. e5 Rfd8 24. Bxc6 bxc6 25. Rfc1 Rd2 26. Rxc6 Rxb2 27. Rxa7 Rbb8 28. Rd7 Rd8 29. Rdc7 h5 30. Kg2 Ra5
31. Re7 Rdd5 32. Rc8+ Kh7 33. Rxf7 Rxe5 34. Rcc7 Rg5 35. f4 Rg4 36. Rf8 Rb5 37. Re7 Ra5 38. Rd7 Rb5 39. Kh3 Kg6 40. Rfd8 Ra5
41. Rd5 Rxd5 42. Rxd5 Kh6 43. Rd6+ Rg6 44. Rxg6+ Kxg6 45. Kg2 Kf6 46. Kf3 Kf5 47. h3 g6 48. g4+ hxg4+ 49. hxg4+ Kf6 50. Ke4 Ke6
51. g5 Kf7 52. Kd5
1-0

[Event "NimzoIndian thematic"]
[Site "SchemingMind.com"]
[Date "2011.11.28"]
[Round "-"]
[White "vickyngo"]
[Black "Aadsje"]
[Result "1-0"]
[WhiteCountry "VEN"]
[BlackCountry "NED"]
[WhiteElo "2441"]
[WhiteRD "71"]
[BlackElo "2350"]
[BlackRD "59"]
[GameID "297841"]

1. d4 Nf6 2. c4 e6 3. Nc3 Bb4 4. Nf3 b6 5. Qb3 c5 6. Bg5 Bb7 7. e3 O-O 8. Be2 h6 9. Bxf6 Qxf6 10. O-O Bxc3
11. Qxc3 d6 12. Rfd1 Re8 13. Rac1 e5 14. d5 Nd7 15. Nd2 e4 16. Qxf6 Nxf6 17. h3 g6 18. Nb1 Nd7 19. Nc3 a6 20. Rb1 f5
21. b4 Rab8 22. g4 Kg7 23. bxc5 bxc5 24. Kh2 Kf6 25. Rg1 Rh8 26. gxf5 gxf5 27. Bh5 Ne5 28. Rb6 Rhd8 29. Rgb1 Rd7 30. Be2 Kg6
31. Na4 Kf7 32. h4 Kf8 33. Rxa6 Rc8 34. Ra7 Rb8 35. Rb6 Ke7 36. Nc3 Ba8 37. Rxb8 Rxa7 38. a4 Ra5 39. Kg2 Ra6 40. Kg3 Ng6
41. Nb5 Rxa4 42. Rb6 Ra2 43. Rxd6 Nf8 44. Bh5 Ra5 45. Rb6 Kd7 46. Rb8
1-0

[Event "NimzoIndian thematic"]
[Site "SchemingMind.com"]
[Date "2011.12.01"]
[Round "-"]
[White "vickyngo"]
[Black "otsenrechess"]
[Result "1-0"]
[WhiteCountry "VEN"]
[BlackCountry "HUN"]
[WhiteElo "2543"]
[WhiteRD "86"]
[BlackElo "1823"]
[BlackRD "45"]
[GameID "297842"]

1. d4 Nf6 2. c4 e6 3. Nc3 Bb4 4. Nf3 c5 5. g3 cxd4 6. Nxd4 O-O 7. Bg2 d5 8. cxd5 Nxd5 9. Qb3 Nc6 10. Nxc6 bxc6
11. O-O Qa5 12. Bd2 Bxc3 13. bxc3 Ba6 14. Rfd1
1-0

[Event "NimzoIndian thematic"]
[Site "SchemingMind.com"]
[Date "2011.11.28"]
[Round "-"]
[White "vickyngo"]
[Black "eun77"]
[Result "1-0"]
[WhiteCountry "VEN"]
[BlackCountry "ISR"]
[WhiteElo "2543"]
[WhiteRD "86"]
[BlackElo "1313"]
[BlackRD "70"]
[GameID "297843"]

1. d4 Nf6 2. c4 e6 3. Nc3 Bb4 4. Nf3 h6 5. e3 O-O 6. Bd3 Bxc3+ 7. bxc3 d6 8. O-O c6 9. e4 b6 10. Ba3 Re8
11. e5 Nh7 12. Bxd6 f6 13. Bg6 Rf8 14. d5 cxd5 15. cxd5 a5 16. dxe6 Bxe6 17. Bxf8 Qxd1 18. Rfxd1 Nxf8 19. Rd8 Bc4 20. Re1 Bd5
21. e6 Bxe6 22. Rxe6 b5 23. Rxf8+ Kxf8 24. Re8#
1-0